000 00691nam a2200289Ia 4500
005 20260324141103.0
008 008 260324s9999 xx 000 0 eng d
020 _a9781315788869
037 _aEBOOK
040 _aCRL
040 _beng
040 _cCRL
041 _2eng
041 _aeng
084 _qCRL
100 _aJoseph R Ferrari
_91206869
245 0 _aDiversity Within the Homeless Population
245 0 _bImplications for Intervention
260 _bTaylor and Francis
260 _c1997
365 _a
365 _b195
856 _uhttp://www.taylorfrancis.com/books/9781315788869
942 _cEBOOK
999 _c1809591
_d1809591